[Event "Corus-B"]
[Site "Wijk aan Zee"]
[Date "2002.01.19"]
[Round "4"]
[White "Krasenkow, Michal"]
[Black "Yu, Shaoteng"]
[Result "1/2-1/2"]
[WhiteElo "2632"]
[BlackElo "2522"]
[Annotator "Finkel,A"]
[PlyCount "40"]
[EventDate "2002.01.15"]
[EventType "tourn"]
[EventRounds "11"]
[EventCountry "NED"]
[EventCategory "11"]
[SourceTitle "CBM 087"]
[Source "ChessBase"]
[SourceDate "2002.03.21"]
[SourceVersion "1"]
[SourceVersionDate "2002.03.21"]
[SourceQuality "1"]

1. d4 e6 2. Nf3 Nf6 3. e3 b6 4. Bd3 Bb7 5. O-O d5 6. b3 {This is one of the
favorite variations of Mihail Krasenkov in which he scored crushing wins over
the opponents of very high level, however in this particular game young
chinese player managed to outplay his dangerous opponent and to get very
promisng position which resulted in early draw.} Bd6 7. Ne5 O-O 8. Bb2 c5 (8...
Qe7 9. a3 Rc8 10. Nd2 c5 11. c4 Nbd7 12. f4 Rc7 13. a4 Nf8 14. a5 Rd8 15. Qe2
Ne4 $132 {Ristic,N-Drasko,M/Kladovo 1991/TD}) (8... Nbd7 9. Qe2 c5 10. Nd2 Qe7
11. Rad1 Rac8 12. f4 g6 13. g4 Rfd8 14. g5 Ne8 15. Rf2 cxd4 16. exd4 Bxe5 17.
fxe5 Qxg5+ 18. Rg2 Qe7 19. Nf3 $44 {[%cal Gb2c1,Gc1g5] Hoffman,A-Urday,H/
Alicante 1989/TD}) 9. Nd2 Nc6 (9... Ne4 10. Bxe4 dxe4 11. Nec4 cxd4 12. Nxd6
Qxd6 13. Bxd4 e5 14. Nc4 Qe6 15. Nxe5 f6 16. Nc4 Ba6 $13 {Malaniuk,V-Sulskis,S/
Bydgoszcz 1999/EXT 2000}) 10. a3 Rc8 (10... a6 11. Qf3 b5 12. Nxc6 Bxc6 13.
dxc5 Bxc5 14. e4 Be7 15. Rfe1 Qc7 $13 {Zaitsev,V-Jakovenko,D/RUS 2000}) 11. f4
Ne7 (11... cxd4 $6 12. exd4 Ne7 13. Qe2 Bb8 14. g4 Qc7 15. Rac1 Kh8 16. Rf3 $40
{Barbero,G-Liao,Y/Mercedes 1979/EXT 2000}) 12. Qf3 b5 $1 {Very strong move
after which black manages to sieze the initiative.} (12... Qc7 13. dxc5 bxc5
14. Ng4 Ne8 15. Qh3 f5 16. Nf3 d4 $13 {Sorokin,G-Zagrebelny,S/Vladivostok 1995/
CBM 46}) 13. dxc5 ({Nothing promises} 13. Bxb5 cxd4 $1 (13... Qa5 $6 {[%csl
Rb5,Rd2]} 14. Qe2 (14. Ndc4 $6 {[%cal Gf3b7]} dxc4 15. Qxb7 Rb8 16. Qa6 $8 Rxb5
17. Qxd6 Nf5 18. Qc6 cxb3 $15) 14... cxd4 15. b4 Qd8 16. Bxd4 Rxc2 17. Bd3 $16
{[%csl Ra7]}) 14. Bxd4 Rxc2 15. Qd1 Rc8 16. Bd3 a5 17. Qf3 Nc6 $132 {and black
has very comfortable position}) 13... Bxc5 14. Rae1 Nf5 $1 {[%csl Re3]} 15. Qh3
({Complications after} 15. g4 $6 Nxe3 $1 (15... Nd6 $5 $132 {[%cal Gf6e4]}) 16.
Rxe3 d4 $1 17. Re4 $8 (17. Qxb7 $2 dxe3 $19 {[%cal Ge3e2]}) 17... Nxe4 18. Bxe4
(18. Nxe4 f5 19. gxf5 exf5 20. Nf6+ gxf6 21. Qxb7 fxe5 $17) 18... d3+ 19. Kh1
Bxe4 20. Qxe4 dxc2 $15 {seem to favor black.}) 15... Ne4 (15... d4 $5 16. exd4
Bxd4+ (16... Nxd4 17. Ng4 $1 $13 {[%csl Rh7]}) 17. Bxd4 Qxd4+ 18. Kh1 $13) 16.
Nxe4 dxe4 17. Bxb5 Bxe3+ $5 ({Another possibiity was} 17... Qb6 $5 18. a4 Nxe3
(18... Bxe3+ 19. Kh1 $13 {[%cal Ge5d7]}) 19. b4 $132 {with extremly
complicated position!}) 18. Rxe3 Qb6 19. Ng4 $2 (19. Rfe1 $5 Qxb5 (19... Nxe3
$2 20. Nd7 Qxb5 21. Nf6+ gxf6 22. Qg3+ $18) 20. c4 Qe8 21. R3e2 $13) 19... Nxe3
20. Qxe3 Qxb5 $17 (20... Qxb5 21. Nf6+ Kh8 22. Qh3 Qf5 23. g4 Qg6 24. Nd7 Rfd8
25. Ne5 Qf6 26. g5 Qe7 27. g6 Qc5+ $19) 1/2-1/2

[Event "Yongchuan zt 3.3"]
[Site "Yongchuan"]
[Date "2003.07.11"]
[Round "1"]
[White "Wu, Wenjin"]
[Black "Bu, Xiangzhi"]
[Result "0-1"]
[WhiteElo "2531"]
[BlackElo "2588"]
[Annotator "Finkel,A"]
[PlyCount "94"]
[EventDate "2003.07.11"]
[EventType "tourn"]
[EventRounds "11"]
[EventCountry "CHN"]
[EventCategory "12"]
[SourceTitle "CBM 097"]
[Source "ChessBase"]
[SourceDate "2003.11.11"]
[SourceVersion "1"]
[SourceVersionDate "2003.11.11"]
[SourceQuality "1"]

1. d4 Nf6 2. Nf3 d5 3. e3 e6 4. Bd3 c5 5. O-O Nbd7 6. b3 Be7 7. Nbd2 b6 8. Qe2
O-O 9. Bb2 Bb7 10. e4 $6 {Black pieces are very comfortably placed, so this
break in the center simply can't be good.} (10. c4) (10. Ne5) 10... dxe4 11.
Nxe4 Nd5 {[%cal Gd5f4] Showing clear intentions to fight for the advantage.
Black is doing fine also after} (11... Nxe4 12. Bxe4 Bxe4 13. Qxe4 Bf6 14. Rfd1
Qc7 15. c4 Rad8 16. Rd2 cxd4 17. Bxd4 Bxd4 18. Rxd4 Nf6 $11 {Koitla,H-Leito,P/
Tallinn 2000}) 12. Rfd1 (12. dxc5 Nf4 13. Qe3 Nxd3 14. Qxd3 Nxc5 15. Nxc5 Bxc5
$15 {Jeschke,D-Zumsande,M/GER 2000}) 12... Nf4 13. Qe3 Qc7 $5 (13... Nxd3 14.
Rxd3 Qc7 $13) 14. Bf1 Nf6 15. Nxf6+ Bxf6 16. Ne5 cxd4 17. Bxd4 Nd5 18. Qe2 (18.
Qg3 Qxc2 19. Bd3 Qc7 20. Rac1 Qe7 $17) 18... Rfd8 19. Nc4 $2 {Blundering
simple tactical blow.} (19. Ng4 Bxd4 20. Rxd4 Nc3 (20... Nf4 21. Rxd8+ Rxd8 22.
Qe3 $15) 21. Rxd8+ Rxd8 22. Qe3 $15) 19... Nf4 20. Qe3 Rxd4 21. Rxd4 Bxd4 22.
Qxd4 Bxg2 $1 {[%cal Gf4e2]} 23. Nd6 Bxf1 24. Qxf4 Ba6 25. Rd1 Rf8 $19 {Black
has both material and positional advantages, so his win is just a matter of
time.} 26. c4 Bb7 27. Kf1 (27. f3) 27... Ba8 {Preparing to penitrate with the
queen via the diagonal a8-h1.} 28. Qe5 Qc6 29. Rd3 Qh1+ 30. Ke2 Bg2 $1 {
[%cal Gh1f1]} 31. Kd2 Qf1 32. Qg3 Bc6 33. a4 Rd8 (33... Qb1) 34. Kc2 Qa1 $1 35.
f3 Qa2+ 36. Kc1 Qa1+ 37. Kc2 h6 38. Qf4 Rd7 39. Rd1 Qa2+ 40. Kc3 Qe2 41. Rd3
Qe1+ 42. Kc2 e5 {The decisive break.} 43. Qf5 g6 44. Qf6 e4 45. Rd1 (45. fxe4
Bxe4 46. Nxe4 Qxe4) 45... Qe2+ 46. Rd2 Qxf3 47. Qe5 e3 0-1

[Event "Poikovsky Karpov 03rd"]
[Site "Poikovsky"]
[Date "2002.04.18"]
[Round "3"]
[White "Vaganian, Rafael A"]
[Black "Vescovi, Giovanni P"]
[Result "1/2-1/2"]
[WhiteElo "2664"]
[BlackElo "2611"]
[Annotator "Finkel,A"]
[PlyCount "88"]
[EventDate "2002.04.16"]
[EventType "tourn"]
[EventRounds "9"]
[EventCountry "RUS"]
[EventCategory "16"]
[SourceTitle "CBM 089"]
[Source "ChessBase"]
[SourceDate "2002.08.12"]
[SourceVersion "1"]
[SourceVersionDate "2002.08.12"]
[SourceQuality "1"]

1. Nf3 Nf6 2. d4 e6 3. e3 c5 4. Bd3 d5 5. O-O Nbd7 6. b3 (6. a3 Qc7 7. Nbd2 c4
8. Be2 Bd6 9. c3 b5 10. a4 bxa4 11. Qxa4 O-O 12. b3 $14 {Rossetto,H-Benko,F/
Buenos Aires 1947}) 6... g6 $5 {Unusual, but nevertheless not such a bad move!}
(6... Be7 7. Bb2 O-O 8. Nbd2 (8. Ne5 Nxe5 9. dxe5 Nd7 10. Nd2 f5 11. f4 Rf7 12.
c4 Nf8 13. Qc2 Bd7 14. Rad1 Bc6 $13 {Bogoljubow,E-Rellstab,L/Bad Nauheim 1936})
8... b6 9. Ne5 Bb7 10. Qe2 Rc8 11. c4 Nxe5 12. dxe5 Ne4 13. Rad1 Nxd2 14. Rxd2
Qc7 $11 {Muse,D-Medunova,V/Berlin 1993}) (6... Bd6 7. Bb2 Qc7 (7... Qe7 8. Ne5
O-O 9. Nd2 cxd4 10. exd4 Ba3 11. Bxa3 Qxa3 12. Re1 b6 13. Re3 $14 {Najdorf,
M-Corte,C/Mar del Plata 1942}) 8. Nbd2 O-O 9. c4 cxd4 10. exd4 dxc4 11. Nxc4
Be7 12. Rc1 Qd8 13. Qc2 Nb6 $13 {Kovacevic,V-Zelcic,R/Slavonski Brod 1995}) 7.
Bb2 Bg7 8. Nbd2 O-O 9. Ne5 (9. c4 b6 10. Qe2 Bb7 11. Rad1 Qc7 $11) 9... b6 10.
f4 Bb7 11. Qf3 Qc7 12. Qh3 Ne4 {It's quite obvious that black doesn't have any
problems after the opening.} 13. Ndf3 (13. Nxe4 dxe4 14. Bc4 a6 15. a4 Nxe5 16.
fxe5 Bd5 $13) 13... Rae8 14. Rad1 (14. Bb5 Nxe5 15. fxe5 Bc6 16. Bd3 f5 17.
exf6 Bxf6 $11) 14... f5 15. Bxe4 Nxe5 $1 (15... dxe4 $2 16. Nxd7 Qxd7 17. dxc5
Qc6 18. Bxg7 $18) 16. Bxd5 Nxf3+ 17. Bxf3 Bxf3 18. gxf3 (18. Qxf3 cxd4 19. Bxd4
Bxd4 20. exd4 Qxc2 21. Rf2 Qc7 22. Re2 Qd6 $11) 18... cxd4 19. Bxd4 Bxd4 20.
Rxd4 e5 $1 {Even being a pawn down black keeps an equal chances due to awkward
position of white quen on c3 and weakness of white pawns in the center.} (20...
Qxc2 $2 21. Rd7 $18 {[%csl Rh7]}) 21. Rc4 $6 (21. fxe5 Rxe5 22. f4 Re7 23. c4
Rfe8 24. Rd3 Qc5 25. Re1 b5 $44) 21... Qd6 22. Qg3 b5 23. fxe5 Rxe5 24. Rd4 Qe7
$11 {[%csl Re3]} 25. Rfd1 Rxe3 26. Rd7 Qc5 27. Kh1 Rfe8 28. Rc7 $6 (28. Qc7
Re1+ 29. Rxe1 Rxe1+ 30. Kg2 Qg1+ 31. Kh3 Qf1+ 32. Kg3 $11) 28... Qb6 29. Rcd7
Qc6 $15 30. Kg2 Qxc2+ 31. R1d2 Re2+ 32. Rxe2 Qxe2+ 33. Qf2 Re7 (33... Qxf2+ 34.
Kxf2 a5 35. Ra7 $11) 34. Rd5 a6 35. Rd6 Re6 36. Rd7 Re7 37. Rd6 b4 38. Kg1 Re6
(38... Qxf2+ 39. Kxf2 a5 40. Ra6 Re5 41. f4 Rd5 42. Ke3 Kg7 43. Ra7+ $11) 39.
Qxe2 Rxe2 40. Rxa6 Kg7 41. Ra4 Kh6 42. Rxb4 Rxa2 43. Rc4 Kh5 44. h4 h6 1/2-1/2

[Event "FIDE-Wch k.o."]
[Site "Tripoli"]
[Date "2004.06.20"]
[Round "1.3"]
[White "Adly, Ahmed"]
[Black "Rublevsky, Sergei"]
[Result "0-1"]
[WhiteElo "2490"]
[BlackElo "2671"]
[Annotator "Finkel,A"]
[PlyCount "86"]
[EventDate "2004.06.19"]
[EventType "k.o."]
[EventRounds "7"]
[EventCountry "LBY"]
[SourceTitle "CBM 102"]
[Source "ChessBase"]
[SourceDate "2004.09.23"]
[SourceVersion "1"]
[SourceVersionDate "2004.09.23"]
[SourceQuality "1"]

1. d4 d5 2. Nf3 e6 3. e3 c5 4. Nbd2 Nf6 5. Bd3 c4 $5 {This move has it's
advantages and disadvantages, but it was definitly the right choice fro this
particular game. Rublevsky easily outplayed his less experienced opponent due
to better understanding of chess strategy!} 6. Be2 b5 (6... Qc7 7. Ne5 c3 8.
bxc3 Qxc3 9. Rb1 Bd6 10. O-O Nbd7 11. Rb3 Qc7 12. f4 b6 13. Bd3 Bb7 $13 {
Guimard,C-Rossetto,H/Buenos Aires 1942}) (6... Nc6 7. O-O b5 8. Re1 Bb7 9. Bf1
Be7 10. g3 O-O 11. Bg2 Qb6 12. c3 Rad8 $132 {Boguszlavszkij,J-Dovzik,J/Hungary
1996}) 7. O-O $6 {The first inaccuracy. White should've tried to transfer e4
as fast as possible, without wasting time for unnecessary developing moves.} (
7. Ne5 Nfd7 8. f4 Bb7 9. O-O Bd6 10. c3 Nc6 11. e4 dxe4 12. Nxe4 Be7 13. Bf3
$16 {Rossetto,H-Puiggros,G/Mar del Plata 1944}) (7. c3 Bb7 8. Ne5 Nbd7 9. f4
Bd6 10. O-O Qc7 11. Bf3 Ne4 12. Bxe4 dxe4 13. a4 a6 $13 {Yabra,F-Rodriguez
Vargas,O/Havana 1970}) 7... Bb7 8. Ne5 Nbd7 9. f4 Be7 10. Ndf3 {Giving up
control over e4.} (10. c3 O-O 11. Qc2 Qc7 12. Bf3 a5 13. e4 Nb6 $15) 10... Ne4
11. a4 $6 {Black is better prepared for the play on the queenside, so white
shouldn't weaken his position with a4.} b4 12. Nxd7 Qxd7 13. Ne5 (13. Nd2 Nd6)
13... Qc7 14. Bf3 O-O 15. a5 $6 {[%csl Ra5]} a6 $17 16. Bxe4 dxe4 17. Bd2 (17.
f5 f6 18. Ng4 exf5 19. Rxf5 Bd6 $19 {[%cal Gb7c8]}) 17... f6 18. Ng4 c3 19.
bxc3 bxc3 20. Bc1 Bd5 21. Ba3 Rab8 22. Qe1 (22. Bxe7 Qxe7 23. Qe2 Qc7 24. Rfc1
Rb5 $17) 22... Rfc8 23. Nf2 Bxa3 24. Rxa3 Rb2 $19 25. Qc1 Rcb8 26. h3 R8b5 27.
Qd1 (27. Nd1 Rb1 28. Rxc3 Rxc1 29. Rxc7 Rbb1 $19) 27... Rxa5 28. Rxa5 Qxa5 29.
Qh5 Qb5 30. f5 Bc4 31. Ra1 exf5 32. Rxa6 Rb1+ 33. Nd1 (33. Kh2 Qb8+ 34. g3 g6
35. Qh4 Bxa6 $19) 33... Rxd1+ 34. Qxd1 Qxa6 35. d5 Qd6 36. Qd4 Qxd5 37. Qxc3 h5
38. Qb2 Qd1+ 39. Kh2 Qd6+ 40. Kg1 f4 41. Qb7 Bd5 42. Qc8+ Kh7 43. c4 Bf7 0-1

[Event "Novak Nikolic Memorial 2nd"]
[Site "Belgrade"]
[Date "2000.02.07"]
[Round "5"]
[White "Popchev, Milko"]
[Black "Shcherbakov, Ruslan"]
[Result "1/2-1/2"]
[WhiteElo "2510"]
[BlackElo "2552"]
[Annotator "Finkel,A"]
[PlyCount "113"]
[EventDate "2000.02.02"]
[EventType "tourn"]
[EventRounds "11"]
[EventCountry "YUG"]
[EventCategory "11"]
[SourceTitle "CBM 076"]
[Source "ChessBase"]
[SourceDate "2000.05.31"]
[SourceVersion "1"]
[SourceVersionDate "2000.05.31"]
[SourceQuality "1"]

1. d4 Nf6 2. Nf3 e6 3. c3 (3. e3 d5 4. Bd3 Bd6 5. O-O O-O 6. Nbd2 c5 7. c3 Nbd7
8. e4 e5 (8... dxe4 9. Nxe4 Nxe4 10. Bxe4 Nf6 11. Bc2 b6 12. Bg5 $14 {McCamon,
B-Hunt,H/Hastings op9495}) 9. dxe5 Nxe5 10. Nxe5 Bxe5 11. h3 c4 12. Bc2 b5 $11
{Konvalinka,K-Riznar,H/SLO-chT 1994}) 3... c5 4. e3 d5 5. Bd3 Nbd7 6. Nbd2 Bd6
7. Qe2 O-O 8. e4 e5 $1 $11 {With this typical breakthrough in the center black
gets very convinient play.} 9. dxe5 Nxe5 10. Nxe5 Bxe5 11. O-O Qc7 12. h3 (12.
Nf3 $2 dxe4 13. Bxe4 Re8 14. Nxe5 Qxe5 15. f3 Bf5 16. Qb5 Bxe4 17. fxe4 b6 $17
{Birkmann,G-Ginsburg,G/Berliner Sommer 1994}) 12... Re8 (12... Bd7 $6 13. exd5
Nxd5 14. Nf3 Rae8 15. Bxh7+ $1 Kh8 16. Qd1 Nf6 17. Bc2 $16 {Gerencer,
J-Adensamer,G/Goetzis op 1995}) (12... Be6 13. exd5 Bxd5 14. Nc4 Bf4 15. Bxf4
Qxf4 {1/2-1/2 Gagnon,M-Wenaas,E/Quebec op 1997}) 13. Re1 Bd7 14. c4 Bd4 $5 {
Breaking the symmetry and showing his agressive intentions.} (14... dxe4 $5 15.
Nxe4 Nxe4 16. Bxe4 Bc6 17. Qg4 Bxe4 18. Rxe4 Bd4 19. Rb1 Qc6 $15) 15. cxd5 Bxh3
(15... Nxd5 $5 16. Nf3 Bf6 17. e5 Nb4 18. Be4 Bc6 19. Bf4 $13) 16. Nf1 Bf5 (
16... Bg4 $5 17. Qd2 (17. Qc2 $2 Nxd5 $17 {[%cal Ge8e1]}) 17... Qe5 18. Ne3 Bd7
19. Nc2 $5 {[%csl Ge1]} Ng4 20. Nxd4 Qh2+ 21. Kf1 cxd4 22. Qb4 Qh1+ 23. Ke2
Qxg2 $36) 17. Qf3 Bg4 18. Qf4 Qxf4 19. Bxf4 Bxb2 20. Rab1 Bc3 {Despite of the
fact that black manages to keep the pawn white retains sufficient counterplay
due to his strong center and active pieces.} (20... Be5 $5 21. Bxe5 (21. Bd2 b6
22. Ne3 Bd7 $15) 21... Rxe5 22. Rxb7 Nxd5 23. Bc4 Bc8 24. Rxf7 Kxf7 25. Bxd5+
Rxd5 26. exd5 Ba6 $15) 21. Nd2 (21. Rec1 $5 Bd4 (21... Nxe4 $5 22. Bxe4 Rxe4
23. Rxc3 Rxf4 24. Rxb7 Ra4 25. Rxc5 Rxa2 26. Ne3 $44) 22. Nd2) 21... b6 22. f3
Bd7 23. Ba6 h6 24. Rec1 Nh5 25. Be3 Be5 26. Nc4 Bg3 27. Bf2 Bf4 (27... Bxf2+
28. Kxf2 Nf4 29. Rc3 Ng6 30. Bb5 Bxb5 31. Rxb5 $44 {[%cal Ga2a5]}) 28. Re1 (28.
Rc3 $5) 28... Rad8 29. Rbd1 (29. Bb5 $6 Bxb5 30. Rxb5 f5 $1 $17 {[%csl Rd5]
[%cal Gh5f6]}) 29... g5 30. g4 $6 {Permitting black in the future to open an
h-file.} Ng7 31. Be3 Bxe3+ 32. Rxe3 h5 33. gxh5 Nxh5 34. Kf2 Nf4 35. Ra3 Kg7 (
35... Ng6 36. Bb7 Bb5 37. Ne3 Kg7 38. Rb1 $44) 36. Rh1 $6 Re7 ({Deserved
attention} 36... Rh8 $1 37. Rxh8 Rxh8 38. Ne5 Rh2+ 39. Ke1 Bh3 40. d6 Kf8 41.
Bc4 f6 $17) 37. Ne3 Rb8 38. Bb5 $6 Bxb5 39. Nf5+ Kf6 40. Rh6+ Ng6 41. Nxe7 Kxe7
42. Rxa7+ Kf6 43. Ke3 Be8 $17 44. a4 c4 (44... Ke5 $5 45. Rh5 f6 46. Rhh7 f5
47. Rhb7 Rxb7 48. Rxb7 Bxa4 49. Rxb6 Nf4 $17) 45. Kd4 Rc8 46. Kc3 Kg7 (46...
Ke5) 47. Rh5 Nf4 $2 {Now white easily escapes sacrificing an exchange.} 48.
Rxg5+ Kh6 49. Rg4 Ne2+ 50. Kd2 Nd4 51. Ke3 $1 $11 c3 52. Kxd4 c2 53. Rg1 c1=Q
54. Rxc1 Rxc1 55. Ra8 Bd7 56. Ra7 Be8 57. Ra8 1/2-1/2

[Event "Politiken Cup 18th"]
[Site "Copenhagen"]
[Date "1996.??.??"]
[Round "9"]
[White "Fries Nielsen, Jens Ove"]
[Black "Hellsten, Johan"]
[Result "1-0"]
[WhiteElo "2420"]
[BlackElo "2475"]
[Annotator "Ftacnik,L"]
[PlyCount "51"]
[EventDate "1996.06.??"]
[EventType "swiss"]
[EventRounds "11"]
[EventCountry "DEN"]
[SourceTitle "CBM 054"]
[Source "ChessBase"]
[SourceDate "1996.10.01"]
[SourceVersion "1"]
[SourceVersionDate "1996.10.01"]
[SourceQuality "1"]

1. d4 {Baburin} Nf6 2. Nf3 e6 3. e3 c5 4. Bd3 d5 5. O-O Nc6 6. b3 Bd6 7. Bb2
O-O 8. Nbd2 Qe7 9. Ne5 Rd8 (9... cxd4 10. exd4 Ba3 11. Qc1 (11. Bxa3 Qxa3 12.
Ndf3 (12. c3 Qa5 (12... Qd6 13. f4 Bd7 14. Qf3 Ne7 15. Qh3 Ng6 16. Rf3 Bc6 17.
Re1 Rfe8 18. g4 Rac8 19. g5 Ne4 20. Nxe4 dxe4 21. Bxe4 Bxe4 22. Rxe4 Qa3 {
Summerscale,A-Thompson,I/Hastings op9495/1994/0-1 (52)}) (12... Bd7 13. f4 Rac8
14. Rf3 g6 15. Qe1 Kg7 16. Rh3 Be8 17. Ndf3 Rh8 18. Qd2 Ne7 19. g4 {1-0 Hoi,
C-Danielsen,H/DEN-ch (06)/1995/ (27)}) 13. Rc1 Bd7 14. f4 Rac8 15. Rf3 Qc7 16.
Rc2 Ne7 17. Rh3 g6 18. g4 Kg7 19. g5 Nfg8 20. Qe1 Nf5 21. Bxf5 exf5 22. Qh4 h5
23. gxh6+ Kh7 24. Ndf3 {1-0 Hoffmeyer,F-Krause,U/BL2-N 9293/1993/ (27)}) 12...
Nb4 (12... Bd7 13. Re1 Rac8 14. Nxc6 Rxc6 15. Ne5 Rc3 16. Re3 Rfc8 17. Qf3 Be8
18. Rae1 Qb4 19. Rd1 {Letov,A-Bashkov,V/URS-chClub Pavlodar/1991/0-1 (59)}) 13.
Qc1 (13. Bb5 Ne4 14. Be2 f6 15. Nd3 Nc3 16. Qd2 Nxe2+ 17. Qxe2 Nxd3 18. Qxd3
Bd7 19. Nd2 {1/2-1/2 Galliamova,A-Madl,I/Belgrade-W (06)/1994/}) (13. Re1 Nxd3
14. Qxd3 b6 15. Ng5 h6 16. Nh3 Ba6 17. Qe3 Rac8 18. c3 Rc7 19. Nf4 Rfc8 20.
Rac1 Ne4 21. c4 Nd6 22. Nxf7 Rxf7 23. Qxe6 Re8 {0-1 Khorava,M-Lomineishvili,M/
WchJW-U18 Guarapuava/ 1995 (28)}) 13... Qa5 14. Qd2 Qb6 15. Rfe1 Nxd3 16. Qxd3
Qc7 17. c4 dxc4 18. bxc4 h6 19. Rad1 Rd8 20. Qb3 Bd7 {Arkhangelsky,M-Sherbakov,
R/Belgorod-B/1991/0-1 (54)}) 11... Bxb2 12. Qxb2 Qc7 (12... Bd7 13. Rfe1 (13.
a3 Rac8 14. f4 Qd8 15. c4 dxc4 16. bxc4 b6 17. Ndf3 Rc7 18. Qf2 Bc8 19. Rad1
Ne7 20. Rfe1 Bb7 21. Bb1 Qa8 22. Nh4 Be4 23. Ba2 {Nogueiras,J-Gonzalez,JC/
CUB-ch Holguin (01)/1991/1-0 (49)}) 13... Rac8 14. c3 Rfd8 15. Ndf3 Be8 16. Re3
Qc7 17. Rae1 Ne7 18. Nd2 Nf5 19. Bxf5 exf5 {Olesen,M-Danielsen,H/Copenhagen
Unibank (06)/1991/1/2-1/2 (63)}) 13. Rac1 Bd7 14. Rfe1 Rac8 15. Ndf3 Rfd8 16.
h4 Be8 17. g3 Qa5 18. a3 Ne7 19. c4 dxc4 20. bxc4 Qc7 21. Bf1 Nc6 22. Bg2 {
1-0 Kovacevic,Vlat-Stone,R/Toronto (07)/1989/ (29)}) (9... Qc7 10. Ndf3 cxd4
11. Nxc6 bxc6 12. exd4 a5 13. c4 Ba6 14. Re1 Be7 15. Rc1 a4 16. Ne5 Qb7 17. Ba1
axb3 18. axb3 Nd7 19. Qh5 g6 20. Qh6 Bf6 21. Re3 Bg7 22. Qh4 Nxe5 23. dxe5 Rfd8
24. Rh3 h6 {1-0 Conquest,S-Luther,T/EUCup f Paris (02)/1995 (37)}) 10. a3 Nd7 (
10... Bd7 11. f4 Be8 12. Qf3 Nd7 13. Qh3 Nf8 14. Ndf3 f6 15. Ng4 Bg6 16. Bxg6
Nxg6 17. dxc5 Bxc5 18. Nd4 f5 19. Nxc6 bxc6 20. Ne5 Nxe5 21. Bxe5 Bxa3 {
Janowsky,D-Lasker,Em (02)/Wch11-Berlin/1910/1/2-1/2 (45)}) 11. f4 Nf8 12. Qh5
f6 13. Rf3 {Baburin: An interesting positional piece sacrifice. This game is
worth studying - probably Black can defend better.} Qe8 (13... fxe5 14. fxe5
Bxe5 (14... Bc7 15. Rxf8+ $3 Kxf8 (15... Rxf8 16. Qxh7+ Kf7 17. Bg6#) 16. Rf1+
$18) 15. dxe5 $14) 14. Qh4 cxd4 (14... fxe5 15. fxe5 Ng6 (15... Be7 16. Rxf8+
$1 Kxf8 17. Rf1+ Bf6 18. exf6 $18) 16. Qh5 Bc7 17. Rh3 $16) 15. exd4 h5 (15...
Ne7 16. Bxh7+ $1 Nxh7 17. Rh3 fxe5 18. Qxh7+ Kf7 19. fxe5 Bc7 20. Rf1+ Nf5 21.
g4 $18) 16. Raf1 fxe5 (16... Ne7 $5 17. R3f2 fxe5 18. fxe5 Nf5 19. Rxf5 exf5
20. exd6) 17. fxe5 Be7 18. Qg3 {Part of white's compensation lays in the fact,
that black pieces are limited by the pawn structure. Helping the king on g8
will never be very easy.} Bd7 (18... h4 19. Qg4) 19. Rf4 Rdc8 20. Nf3 Qd8 (
20... Rc7 21. Ng5 Rac8 22. Rf7 g6 23. Nxe6 Qxf7 24. Rxf7 Bxe6 (24... Kxf7 25.
Nxc7 Rxc7 26. e6+ Nxe6 27. Qxg6+ Kf8 28. Qh6+ Ke8 29. Qxh5+ $18) 25. Rf1 $16)
21. Ng5 $1 Qb6 (21... Bxg5 22. Rxf8+ Qxf8 23. Rxf8+ Rxf8 24. Qxg5 $16) 22. Rf7
{Black's queen have left the kingside in order to generate counterplay, but
now the attacker has more freedom in preparation for the final blow.} g6 (22...
Nxd4 23. Rxg7+ $1 Kxg7 (23... Kh8 24. Nf7#) 24. Nxe6+) 23. Nxe6 $1 Nxe5 (23...
Bxe6 24. Rxf8+ Rxf8 25. Qxg6+ Kh8 26. Qh7#) 24. Qxe5 Nxe6 25. Bxg6 Nf4 (25...
Bf6 26. Qxf6) (25... Bf8 26. Bh7#) 26. Qg7# 1-0